[Event "Taastrup Spil Naar Du Vil IV 2003"]
[Site "Taastrup"]
[Date "2009.04.16"]
[Round "3"]
[White "Wadtland, Flemming"]
[Black "Pedersen, Ole"]
[Result "0-1"]
[WhiteElo "1235"]
[BlackElo "1217"]
[PlyCount "92"]
[EventDate "2009.03.26"]
[EventType "swiss"]
[EventRounds "7"]
[EventCountry "DEN"]
[SourceTitle "EXT 2023"]
[Source "ChessBase"]
[SourceDate "2022.10.05"]
[SourceVersion "1"]
[SourceVersionDate "2022.10.05"]
[SourceQuality "1"]

1. b3 d5 2. Nf3 Nc6 3. e3 e5 4. Bb2 Bd6 5. c4 Nf6 6. cxd5 Nxd5 7. Nc3 Nf6 8. a3 0-0 9. Qc2 Re8 10. 0-0-0 h6 11. h4 Bg4 12. Re1 Qe7 13. Nb1 a5 14. Nh2 Bd7 15. g3 a4 16. bxa4 Na5 17. Nf3 Bc6 18. Bg2 Bd5 19. d3 e4 20. dxe4 Bxe4 21. Bxf6 Qxf6 22. Qb2 Qf5 23. Nd4 Qc5+ 24. Qc3 Qxc3+ 25. Nxc3 Bxg2 26. Rh2 Bc6 27. Kc2 Bxa3 28. Ndb5 Bb4 29. Nxc7 Bxc3 30. Kxc3 Be4 31. Nxe8 Rxe8 32. Rd1 Rc8+ 33. Kb4 Nc6+ 34. Kb5 Ne5 35. f4 Ng4 36. Rhd2 Bc6+ 37. Kb6 Nxe3 38. Rd8+ Rxd8 39. Rxd8+ Kh7 40. a5 Nc4+ 41. Kc7 Nxa5 42. Rd4 Nb3 43. Rb4 Nc5 44. h5 Ne4 45. g4 Nf6 46. f5 Nd5+ 0-1

[Event "Taastrup Spil Naar Du Vil 1st"]
[Site "Taastrup"]
[Date "2006.05.18"]
[Round "7"]
[White "Nielsen, Steen"]
[Black "Pedersen, Ole"]
[Result "1-0"]
[WhiteElo "1575"]
[BlackElo "1406"]
[PlyCount "71"]
[EventDate "2006.03.30"]
[EventType "swiss"]
[EventRounds "9"]
[EventCountry "DEN"]
[SourceTitle "EXT 2023"]
[Source "ChessBase"]
[SourceDate "2022.10.05"]
[SourceVersion "1"]
[SourceVersionDate "2022.10.05"]
[SourceQuality "1"]

1. e4 c5 2. Nf3 Nc6 3. d4 cxd4 4. Nxd4 g6 5. Be2 Bg7 6. Be3 d6 7. Nc3 Nf6 8. f3 a6 9. Qd2 Bd7 10. 0-0-0 b5 11. g4 Qa5 12. Nb3 Qc7 13. g5 Nh5 14. f4 f5 15. Nd5 Qd8 16. Bxh5 gxh5 17. Qe2 fxe4 18. Qxh5+ Kf8 19. Rhf1 Qe8 20. Qh4 Bf5 21. Nc7 Qc8 22. Nxa8 Qxa8 23. Nd4 Nxd4 24. Bxd4 Bxd4 25. Rxd4 e3 26. Re1 Qg2 27. Qh6+ Ke8 28. Qh5+ Kd7 29. Qe2 Qc6 30. c3 a5 31. Qxe3 Re8 32. Qe5 e6 33. Qe2 Qb6 34. Qe5 b4 35. Rxd6+ Qxd6 36. Rd1 1-0

[Event "Taastrup Spil Naar Du Vil 1st"]
[Site "Taastrup"]
[Date "2006.04.06"]
[Round "2"]
[White "Meldal, Peter"]
[Black "Pedersen, Ole"]
[Result "1/2-1/2"]
[WhiteElo "1139"]
[BlackElo "1406"]
[PlyCount "126"]
[EventDate "2006.03.30"]
[EventType "swiss"]
[EventRounds "9"]
[EventCountry "DEN"]
[SourceTitle "EXT 2023"]
[Source "ChessBase"]
[SourceDate "2022.10.05"]
[SourceVersion "1"]
[SourceVersionDate "2022.10.05"]
[SourceQuality "1"]

1. e4 c5 2. Nf3 Nc6 3. d4 cxd4 4. Nxd4 g6 5. Be3 Bg7 6. c3 a6 7. Nd2 d6 8. N2f3 Nf6 9. Bd3 0-0 10. Qd2 Ng4 11. Nxc6 bxc6 12. Bf4 e5 13. Bg5 Bf6 14. Bxf6 Nxf6 15. Qg5 Kg7 16. 0-0-0 h6 17. Qd2 Rb8 18. Bc2 Qb6 19. b3 Rd8 20. h3 a5 21. g4 a4 22. g5 Ng8 23. h4 h5 24. c4 Be6 25. Qe2 Qb4 26. Kb1 axb3 27. Bxb3 Bg4 28. Rd3 Rb7 29. Rhd1 Ne7 30. Qd2 Qxd2 31. R1xd2 Rbd7 32. c5 Bxf3 33. Rxf3 d5 34. exd5 Nxd5 35. Bxd5 Rxd5 36. Rxd5 Rxd5 37. Rc3 Rd4 38. Re3 f6 39. gxf6+ Kxf6 40. Rf3+ Ke6 41. Rg3 Kf5 42. Rf3+ Ke6 43. Rg3 Rxh4 44. Rxg6+ Kd5 45. Rg5 Kd4 46. a4 Kxc5 47. Rxe5+ Kb6 48. a5+ Ka6 49. Rc5 Rb4+ 50. Kc2 h4 51. Rxc6+ Kxa5 52. Rc3 Rf4 53. Ra3+ Kb5 54. Rb3+ Kc5 55. Rc3+ Kd5 56. Rd3+ Ke5 57. Re3+ Kf5 58. Re2 Kg4 59. Kd2 Kf3 60. Kd1 h3 61. Re3+ Kg2 62. Ke1 Rc4 63. Rg3+ Kh2 1/2-1/2

[Event "Taastrup op"]
[Site "Taastrup"]
[Date "2001.02.17"]
[Round "9"]
[White "Jensen, Jan Kargaard"]
[Black "Pedersen, Ole"]
[Result "1-0"]
[WhiteElo "1502"]
[BlackElo "1459"]
[PlyCount "61"]
[EventDate "2001.01.19"]
[EventType "swiss"]
[EventRounds "9"]
[EventCountry "DEN"]
[SourceTitle "EXT 2018"]
[Source "ChessBase"]
[SourceDate "2017.10.13"]
[SourceVersion "1"]
[SourceVersionDate "2017.10.13"]
[SourceQuality "1"]

1. e4 c5 2. Nf3 Nc6 3. Bb5 g6 4. 0-0 Bg7 5. Bxc6 bxc6 6. Re1 d6 7. d3 Rb8 8. Nc3 e6 9. e5 dxe5 10. Rb1 Qc7 11. Na4 Qa5 12. b3 c4 13. Bd2 Qc7 14. dxc4 Ne7 15. Bc3 f6 16. Qd2 0-0 17. Rbd1 Nf5 18. g4 Nh6 19. Bb4 Re8 20. Bd6 Qb7 21. Nc5 Qb6 22. Bxb8 Qxb8 23. h3 f5 24. g5 Nf7 25. h4 e4 26. Nh2 Be5 27. Nf1 Rd8 28. Qa5 Bc7 29. Rxd8+ Nxd8 30. Qd2 Nb7 31. Nd7 1-0

[Event "Taastrup op"]
[Site "Taastrup"]
[Date "2001.02.09"]
[Round "7"]
[White "Jensen, Dan Bronnum"]
[Black "Pedersen, Ole"]
[Result "1/2-1/2"]
[WhiteElo "1364"]
[BlackElo "1459"]
[PlyCount "86"]
[EventDate "2001.01.19"]
[EventType "swiss"]
[EventRounds "9"]
[EventCountry "DEN"]
[SourceTitle "EXT 2018"]
[Source "ChessBase"]
[SourceDate "2017.10.13"]
[SourceVersion "1"]
[SourceVersionDate "2017.10.13"]
[SourceQuality "1"]

1. e4 c5 2. f4 e6 3. Nf3 d5 4. exd5 exd5 5. Bb5+ Bd7 6. Bxd7+ Nxd7 7. 0-0 Ngf6 8. Re1+ Be7 9. Qe2 a6 10. Nc3 Rc8 11. d3 Rc7 12. f5 Nb8 13. Bf4 Rc8 14. Bxb8 Rxb8 15. Qe5 b6 16. Re2 Rb7 17. Rae1 d4 18. Ne4 0-0 19. Nxf6+ Bxf6 20. Qf4 h6 21. h3 Qd7 22. Nh2 Bg5 23. Qf3 Rbb8 24. Ng4 Qb7 25. Qg3 Qd7 26. Rf1 Rbe8 27. Rxe8 Rxe8 28. h4 Be3+ 29. Kh1 Kh8 30. f6 g6 31. Ne5 Qd5 32. Ng4 c4 33. Qc7 cxd3 34. cxd3 b5 35. b3 Kg8 36. Qc2 Qh5 37. Nh2 Qxh4 38. Qc6 Rf8 39. Qf3 Qg5 40. a3 Qe5 41. Qh3 Kh7 42. Ng4 Qg5 43. Rf3 Re8 1/2-1/2